000 01243nam a22003617a 4500
003 CHAP
005 20220817042718.0
008 971013s r 00010 d
010 _a53110
011 _a54082
035 _a58232
040 _cCHAP
082 _a330
_bS43e
100 0 0 _aSegal, Luis.
_9175435
245 _aEstructura y ritmo de la sociedad humana
_b: económico-social
250 _a5 ed.
260 _aMéxico, D.F. :
_bFuente Cultural,
_c(s.a)
300 _a480 p.
500 _aEjs. desc. en bodega
500 _aTítulo original de la obra: Principios de economía política
590 _aBATCH-UPD
_b10
_c20130110
_lUCH01
_h0522
590 _aBATCH-UPD
_b10
_c20130410
_lUCH01
_h0202
590 _aBATCH-UPD
_b10
_c20130914
_lUCH01
_h1231
590 _aCONVERSION
_b10
_c20130109
_lUCH01
_h1329
650 1 4 _aEconomía.
_935226
650 1 4 _aPolítica económica.
901 _aBK
942 _cLIBRO
949 _a330 S43e
_bBC
_cLIBRO
_d33724000305421
_eLIBRO
_h1419
_i58232
_si
949 _a330 S43e
_bBC
_cLIBRO
_d33724000305439
_eLIBRO
_fc.2
_h1420
_i58232
_si
949 _a330 S43e
_bBC
_cLIBRO
_d33724000305447
_eLIBRO
_fc.4
_h14099
_i58232
_sb
949 _a330 S43e
_bBC
_cLIBRO
_d33724000305454
_eLIBRO
_fc.3
_h13750
_i58232
_si
999 _c53110
_d53110